[Event "Mecklenburg VP LL2 Ost 2122"]
[Site "Mecklenburg VP"]
[Date "2022.05.01"]
[Round "9.3"]
[White "Nour, Alaa"]
[Black "Breitenfeldt, Ulrich"]
[Result "1-0"]
[WhiteElo "1774"]
[BlackElo "1691"]
[PlyCount "51"]
[EventDate "2021.10.24"]
[EventType "team-tourn"]
[EventRounds "9"]
[EventCountry "GER"]
[SourceTitle "EXT 2024"]
[Source "ChessBase"]
[SourceDate "2023.10.10"]
[SourceVersion "1"]
[SourceVersionDate "2023.10.10"]
[SourceQuality "1"]
[WhiteTeam "Rostock SSC 07 II"]
[BlackTeam "Binz Therme Ruegen"]
[WhiteTeamCountry "GER"]
[BlackTeamCountry "GER"]

1. e4 c5 2. Nf3 d6 3. d4 cxd4 4. Nxd4 a6 5. c4 e5 6. Nc2 Nc6 7. Nc3 Nf6 8. f3 Be7 9. Be3 0-0 10. Bf2 Rb8 11. Ne3 Re8 12. Ned5 b6 13. Qd2 Nh5 14. Nxe7+ Rxe7 15. Bh4 f6 16. Qd5+ Be6 17. Qxc6 Rc7 18. Qa4 Qc8 19. Rd1 Bxc4 20. Rxd6 Bxf1 21. Rxf1 Rxc3 22. bxc3 Qxc3+ 23. Kd1 Kf8 24. Qc2 Qa1+ 25. Ke2 Nf4+ 26. Kf2 1-0

[Event "Mecklenburg VP Landesliga Ost 1920"]
[Site "Mecklenburg VP"]
[Date "2020.02.02"]
[Round "6.6"]
[White "Breitenfeldt, Ulrich"]
[Black "Reimer, Karl"]
[Result "0-1"]
[WhiteElo "1708"]
[BlackElo "1520"]
[PlyCount "60"]
[EventDate "2019.09.29"]
[EventType "team-tourn"]
[EventRounds "9"]
[EventCountry "GER"]
[SourceTitle "EXT 2023"]
[Source "ChessBase"]
[SourceDate "2022.10.05"]
[SourceVersion "1"]
[SourceVersionDate "2022.10.05"]
[SourceQuality "1"]
[WhiteTeam "Ruegen Binz Therme"]
[BlackTeam "Wolgast Motor"]
[WhiteTeamCountry "GER"]
[BlackTeamCountry "GER"]

1. d4 e6 2. c4 f5 3. Nf3 Nf6 4. Nc3 c6 5. Qc2 Be7 6. Bf4 0-0 7. Rd1 d5 8. Be5 Nbd7 9. cxd5 cxd5 10. h3 Nxe5 11. Nxe5 Ne4 12. Nxe4 fxe4 13. a3 Bd6 14. e3 Bd7 15. Nxd7 Qxd7 16. Be2 Rac8 17. Qb1 Qc6 18. Bg4 Rf6 19. 0-0 Qd7 20. Rc1 Rcf8 21. Rc2 Bb8 22. f4 exf3 23. gxf3 Qf7 24. f4 g5 25. Rg2 Kh8 26. f5 exf5 27. Be2 f4 28. Rxg5 f3 29. Bd3 f2+ 30. Kg2 Rg6 0-1

[Event "Mecklenburg VP Landesliga Ost 1920"]
[Site "Mecklenburg VP"]
[Date "2019.10.20"]
[Round "2.7"]
[White "Bollnow, Alex"]
[Black "Breitenfeldt, Ulrich"]
[Result "1-0"]
[WhiteElo "1659"]
[BlackElo "1708"]
[PlyCount "101"]
[EventDate "2019.09.29"]
[EventType "team-tourn"]
[EventRounds "9"]
[EventCountry "GER"]
[SourceTitle "EXT 2023"]
[Source "ChessBase"]
[SourceDate "2022.10.05"]
[SourceVersion "1"]
[SourceVersionDate "2022.10.05"]
[SourceQuality "1"]
[WhiteTeam "Torgelow II"]
[BlackTeam "Ruegen Binz Therme"]
[WhiteTeamCountry "GER"]
[BlackTeamCountry "GER"]

1. e4 c5 2. Nf3 Nc6 3. d4 cxd4 4. Nxd4 e5 5. Nf3 d6 6. Nc3 Nf6 7. Bc4 Be7 8. 0-0 0-0 9. Ng5 Na5 10. Bb3 Nxb3 11. axb3 b6 12. Nd5 Nxd5 13. Qxd5 Ba6 14. Nxf7 Rxf7 15. Rxa6 Qe8 16. Be3 Rc8 17. c3 Rc7 18. Rfa1 Bf8 19. Rxa7 Rxa7 20. Rxa7 b5 21. Qxf7+ Qxf7 22. Rxf7 Kxf7 23. c4 Ke8 24. Kf1 Kd7 25. Ke2 Kc6 26. Kd3 Be7 27. g3 Bd8 28. f4 Bf6 29. f5 Bd8 30. g4 h6 31. b4 Bh4 32. b3 Be7 33. Bd2 Bh4 34. c5 Kd7 35. Ke2 Kc6 36. Be3 Be7 37. Kd3 Kd7 38. cxd6 Bh4 39. Bc5 Kc6 40. Ke2 Kd7 41. Be3 Bf6 42. g5 hxg5 43. Kf3 Kxd6 44. Kg4 Ke7 45. Bxg5 Kf7 46. h4 Ke7 47. Bxf6+ gxf6 48. Kh5 Kf7 49. Kh6 Kf8 50. Kg6 Ke7 51. Kg7 1-0

[Event "Mecklenburg VP LL2 Ost 1819"]
[Site "Mecklenburg VP"]
[Date "2019.01.20"]
[Round "5.5"]
[White "Breitenfeldt, Ulrich"]
[Black "Rosin, Ralf"]
[Result "0-1"]
[WhiteElo "1422"]
[BlackElo "1757"]
[PlyCount "100"]
[EventDate "2018.10.21"]
[EventType "team-tourn"]
[EventRounds "9"]
[EventCountry "GER"]
[SourceTitle "EXT 2022"]
[Source "ChessBase"]
[SourceDate "2021.10.06"]
[SourceVersion "1"]
[SourceVersionDate "2021.10.06"]
[SourceQuality "1"]
[WhiteTeam "Binz Therme Ruegen"]
[BlackTeam "Wolgast Motor"]
[WhiteTeamCountry "GER"]
[BlackTeamCountry "GER"]

1. d4 e6 2. c4 f5 3. Nf3 Nf6 4. Nc3 Be7 5. e3 0-0 6. Bd3 d5 7. 0-0 c6 8. Qc2 a5 9. Ne2 Na6 10. a3 Ne4 11. Ne5 Bd6 12. cxd5 cxd5 13. f3 Nec5 14. f4 Ne4 15. Nf3 Bd7 16. Qb3 Qe7 17. Nd2 a4 18. Qd1 Rfc8 19. Nxe4 fxe4 20. Bxa6 Rxa6 21. Bd2 Bb5 22. Bc3 Rf8 23. Rf2 Rf6 24. Qd2 Ra8 25. Raf1 Rh6 26. g3 Rf8 27. Rg2 Rh3 28. Rff2 Be8 29. Qe1 Bd7 30. Kh1 Rc8 31. Qf1 Bb5 32. Rg1 Rh6 33. Qd1 Qe8 34. g4 Bxa3 35. g5 Rh3 36. Ng3 Bd6 37. Qg4 Rxg3 38. Rxg3 a3 39. Rg1 a2 40. f5 Bd7 41. f6 Qf7 42. Qd1 Ra8 43. b3 Bb5 44. Bb2 Bb4 45. Ba1 Bd3 46. Rgg2 Bb1 47. fxg7 Qxg7 48. Rb2 Bc3 49. Rxb1 axb1Q 50. Qxb1 Rxa1 0-1

[Event "MVP-ch Seniors op 18th"]
[Site "Ostseebad Binz"]
[Date "2018.11.28"]
[Round "1"]
[White "Lehmann, Erwin"]
[Black "Breitenfeldt, Ulrich"]
[Result "1/2-1/2"]
[WhiteElo "1997"]
[BlackElo "1670"]
[PlyCount "55"]
[EventDate "2018.11.28"]
[EventType "swiss"]
[EventRounds "9"]
[EventCountry "GER"]
[SourceTitle "CBM 188 Extra"]
[Source "ChessBase"]
[SourceDate "2019.02.26"]
[SourceVersion "1"]
[SourceVersionDate "2019.02.26"]
[SourceQuality "1"]

1. c4 e5 2. g3 Bc5 3. Nc3 a6 4. Bg2 c6 5. Nf3 Qe7 6. d4 exd4 7. Nxd4 h6 8. 0-0 Bxd4 9. Qxd4 c5 10. Qxg7 Qf6 11. Qg4 Ne7 12. Nd5 Nxd5 13. Bxd5 Nc6 14. e3 Kd8 15. Rb1 h5 16. Qe2 Qg6 17. Bd2 Kc7 18. Bc3 Rh6 19. a3 h4 20. Qf3 f6 21. Be4 Qg5 22. Rfd1 d6 23. Rd5 Ne5 24. Bxe5 fxe5 25. Qf7+ Bd7 26. Rd3 Rf6 27. Qh7 Rh6 28. Qf7 1/2-1/2

[Event "Mecklenburg VP LL2 Ost 1819"]
[Site "Mecklenburg VP"]
[Date "2018.11.11"]
[Round "2.7"]
[White "Hiltner, Harald"]
[Black "Breitenfeldt, Ulrich"]
[Result "1-0"]
[WhiteElo "1495"]
[BlackElo "1422"]
[PlyCount "59"]
[EventDate "2018.10.21"]
[EventType "team-tourn"]
[EventRounds "9"]
[EventCountry "GER"]
[SourceTitle "EXT 2022"]
[Source "ChessBase"]
[SourceDate "2021.10.06"]
[SourceVersion "1"]
[SourceVersionDate "2021.10.06"]
[SourceQuality "1"]
[WhiteTeam "Waterkant Saal SV"]
[BlackTeam "Binz Therme Ruegen"]
[WhiteTeamCountry "GER"]
[BlackTeamCountry "GER"]

1. e4 c5 2. Nc3 d6 3. Bb5+ Bd7 4. Bxd7+ Nxd7 5. Nf3 Ngf6 6. 0-0 a6 7. d3 h6 8. b3 e6 9. Re1 Be7 10. e5 Nh7 11. exd6 Bf6 12. Bb2 0-0 13. Qe2 Qa5 14. Nd1 Rad8 15. Bxf6 Ndxf6 16. Nb2 b5 17. a4 Qb6 18. axb5 axb5 19. Ra3 Ra8 20. Rea1 Rxa3 21. Rxa3 Qxd6 22. Ra5 Qb6 23. Qe1 Rb8 24. Ne5 Nf8 25. Ra1 Qb7 26. Qe3 Nd5 27. Qf3 Nh7 28. h4 Ra8 29. Rxa8+ Qxa8 30. Qxf7+ 1-0

[Event "MVP-ch Seniors op 17th"]
[Site "Binz"]
[Date "2017.12.02"]
[Round "4.59"]
[White "Selten, Ton"]
[Black "Breitenfeldt, Ulrich"]
[Result "1/2-1/2"]
[WhiteElo "1853"]
[BlackElo "1672"]
[PlyCount "133"]
[EventDate "2017.11.29"]
[EventType "swiss"]
[EventRounds "9"]
[EventCountry "GER"]
[SourceTitle "EXT 2019"]
[Source "ChessBase"]
[SourceDate "2018.10.10"]
[SourceVersion "1"]
[SourceVersionDate "2018.10.10"]
[SourceQuality "1"]

1. e4 c5 2. Nf3 Nc6 3. d3 e6 4. g3 Nf6 5. Bg2 Be7 6. 0-0 0-0 7. Nbd2 d5 8. Qe2 b6 9. Re1 Rb8 10. c3 Bb7 11. e5 Nd7 12. d4 cxd4 13. Nxd4 Ncxe5 14. f4 Nc6 15. Bh3 Bc5 16. N2f3 Nxd4 17. Nxd4 Qf6 18. Be3 g6 19. b4 Be7 20. Nf3 Qxc3 21. Bd4 Qc4 22. Qe3 Bf6 23. Rac1 Bxd4 24. Nxd4 Qxb4 25. Rc7 Nc5 26. Nxe6 Rfe8 27. f5 Ne4 28. Rf1 fxe6 29. fxg6 Re7 30. gxh7+ Kh8 31. Rxe7 Qxe7 32. Qh6 Qc5+ 33. Kg2 d4 34. Rf7 Qc2+ 35. Kg1 Qd1+ 36. Bf1 Qg4 37. Be2 Qg5 38. Rf8+ Rxf8 39. Qxf8+ Kxh7 40. Qf7+ Qg7 41. Qh5+ Kg8 42. Qe8+ Qf8 43. Qg6+ Kh8 44. Qh5+ Kg7 45. Qg4+ Kf6 46. Bd3 Ke7 47. Bxe4 Bxe4 48. Qxe4 Kd7 49. Qxd4+ Qd6 50. Qa4+ Kc8 51. Qxa7 Qd4+ 52. Kg2 Qe4+ 53. Kh3 Qf5+ 54. Kh4 Qf6+ 55. Kh5 Qh8+ 56. Kg4 Qxh2 57. Qa6+ Kc7 58. Qc4+ Kd6 59. a4 Qb2 60. Qf4+ Kd7 61. Qf7+ Kd6 62. Qf8+ Kd7 63. Qa8 Qg7+ 64. Kf3 Qc3+ 65. Ke4 Qxg3 66. Qb7+ Qc7 67. Qa6 1/2-1/2

[Event "MVP-ch Seniors op 17th"]
[Site "Binz"]
[Date "2017.12.01"]
[Round "3.62"]
[White "Breitenfeldt, Ulrich"]
[Black "Vietinghoff, Klaus"]
[Result "1/2-1/2"]
[WhiteElo "1672"]
[BlackElo "1846"]
[PlyCount "64"]
[EventDate "2017.11.29"]
[EventType "swiss"]
[EventRounds "9"]
[EventCountry "GER"]
[SourceTitle "EXT 2019"]
[Source "ChessBase"]
[SourceDate "2018.10.10"]
[SourceVersion "1"]
[SourceVersionDate "2018.10.10"]
[SourceQuality "1"]

1. d4 f5 2. Nf3 Nf6 3. Bf4 e6 4. a3 Be7 5. c4 0-0 6. Nc3 d6 7. h3 Nbd7 8. Qc2 a6 9. e3 Qe8 10. Be2 Bd8 11. 0-0-0 d5 12. Qb3 c6 13. Ne5 Nxe5 14. Bxe5 b5 15. cxd5 cxd5 16. Kb1 Ba5 17. Bd6 Rf7 18. g4 Bxc3 19. Qxc3 Ne4 20. Qb4 Nxf2 21. gxf5 Nxd1 22. Rxd1 Rxf5 23. Bf4 Bd7 24. Rg1 Rc8 25. Qe1 Qe7 26. Qd1 a5 27. Bd3 Rf7 28. Bg5 Qf8 29. Qh5 g6 30. Bh6 Rf1+ 31. Bxf1 Qxf1+ 32. Rxf1 gxh5 1/2-1/2

[Event "MVP-ch Seniors op 16th"]
[Site "Binz"]
[Date "2016.11.25"]
[Round "3.84"]
[White "Staudinger, Karl"]
[Black "Breitenfeldt, Ulrich"]
[Result "0-1"]
[WhiteElo "1348"]
[BlackElo "1651"]
[PlyCount "125"]
[EventDate "2016.11.23"]
[EventType "swiss"]
[EventRounds "9"]
[EventCountry "GER"]
[SourceTitle "EXT 2018"]
[Source "ChessBase"]
[SourceDate "2017.10.13"]
[SourceVersion "1"]
[SourceVersionDate "2017.10.13"]
[SourceQuality "1"]

1. e3 c5 2. g3 Nc6 3. Bg2 e6 4. Nf3 Nf6 5. Nc3 Be7 6. 0-0 0-0 7. b3 d5 8. d3 Qc7 9. Rb1 a6 10. Re1 Rd8 11. a3 Nd7 12. Bb2 Bf6 13. d4 b5 14. Ne2 Bb7 15. Nf4 cxd4 16. Nh5 dxe3 17. Nxf6+ Nxf6 18. Bxf6 exf2+ 19. Kxf2 gxf6 20. Kf1 b4 21. a4 Qb6 22. Qd2 a5 23. Rbd1 Ba6+ 24. Re2 Bxe2+ 25. Kxe2 Kg7 26. Qf4 Ne5 27. Nd4 Ng6 28. Qf2 Qa6+ 29. Ke1 Qd6 30. Kf1 Qa6+ 31. Kg1 Rac8 32. Bf1 Qd6 33. Be2 f5 34. Bd3 Kh8 35. Re1 Rg8 36. Kh1 Qb8 37. Re2 Ne5 38. Nxf5 Nxd3 39. Qd4+ e5 40. Qxd3 Rcd8 41. Ne7 Rg5 42. Nf5 f6 43. Ne7 Kg7 44. Nc6 Qa8 45. Nxd8 d4+ 46. Kg1 Qxd8 47. Qb5 Qc7 48. Qd5 h5 49. Qe4 Qd7 50. Qf3 Qg4 51. Qg2 h4 52. Re4 Qd1+ 53. Qf1 Qxf1+ 54. Kxf1 hxg3 55. Kg2 gxh2+ 56. Kxh2 Kf7 57. Kh3 Ke6 58. Re1 f5 59. Re2 Kd5 60. Kh2 f4 61. Re1 e4 62. Kh1 f3 63. Rd1 0-1

[Event "MVP-ch Seniors op 16th"]
[Site "Binz"]
[Date "2016.11.23"]
[Round "1.59"]
[White "Schroeder, Christian"]
[Black "Breitenfeldt, Ulrich"]
[Result "1-0"]
[WhiteElo "1955"]
[BlackElo "1651"]
[PlyCount "81"]
[EventDate "2016.11.23"]
[EventType "swiss"]
[EventRounds "9"]
[EventCountry "GER"]
[SourceTitle "EXT 2018"]
[Source "ChessBase"]
[SourceDate "2017.10.13"]
[SourceVersion "1"]
[SourceVersionDate "2017.10.13"]
[SourceQuality "1"]

1. d4 d5 2. c4 Nf6 3. Nc3 e6 4. Bg5 Be7 5. e3 0-0 6. Nf3 Nbd7 7. Bd3 c5 8. cxd5 Nxd5 9. Bxe7 Qxe7 10. 0-0 Nb4 11. Bb1 Rd8 12. a3 Nd5 13. Nxd5 exd5 14. dxc5 Nxc5 15. b4 Ne4 16. Nd4 Qg5 17. Nf3 Qf6 18. Qd4 Qe7 19. h3 Ng5 20. Nxg5 Qxg5 21. Kh2 b6 22. Ba2 Be6 23. Rad1 Rac8 24. Rd2 Qf5 25. Bb1 Qg5 26. f4 Qh6 27. Ba2 g6 28. Rfd1 Bg4 29. Rg1 Be6 30. g4 Qg7 31. Qxg7+ Kxg7 32. f5 Bxf5 33. gxf5 Rc3 34. Rxd5 Rdc8 35. f6+ Kf8 36. Rgd1 Ke8 37. R1d2 Rxe3 38. Rd7 a5 39. Bxf7+ Kf8 40. Bd5 axb4 41. Rxh7 1-0

[Event "MVP-ch Seniors op 15th"]
[Site "Binz"]
[Date "2015.12.01"]
[Round "8.61"]
[White "Brandt, Fred"]
[Black "Breitenfeldt, Ulrich"]
[Result "1-0"]
[WhiteElo "1675"]
[BlackElo "1296"]
[PlyCount "113"]
[EventDate "2015.11.24"]
[EventType "swiss"]
[EventRounds "9"]
[EventCountry "GER"]
[SourceTitle "EXT 2017"]
[Source "ChessBase"]
[SourceDate "2016.10.25"]
[SourceVersion "1"]
[SourceVersionDate "2016.10.25"]
[SourceQuality "1"]

1. d4 Nf6 2. Nf3 d6 3. e3 g6 4. Bd3 a6 5. Nbd2 Bg7 6. h3 b6 7. 0-0 0-0 8. e4 Bb7 9. Re1 Nbd7 10. c3 Rc8 11. Qe2 Nh5 12. Nf1 e5 13. d5 a5 14. N1h2 Nf4 15. Bxf4 exf4 16. Qd2 Ne5 17. Nxe5 dxe5 18. Nf3 Qe7 19. Rac1 Rfd8 20. c4 Bf8 21. a3 Qf6 22. Qc3 Bd6 23. b4 axb4 24. axb4 c5 25. dxc6 Bxc6 26. Ra1 Qe7 27. b5 Bxb5 28. Reb1 Qd7 29. Nxe5 Bxe5 30. Qxe5 Bxc4 31. Bxc4 Rxc4 32. Rxb6 Re8 33. Rb8 Rxb8 34. Qxb8+ Rc8 35. Qxf4 Qd4 36. Re1 Rc6 37. Re3 Kg7 38. Qf3 Rf6 39. Qe2 Qa1+ 40. Kh2 Qe5+ 41. g3 Rb6 42. Kg2 Qa1 43. Rd3 Rb1 44. h4 Re1 45. Qg4 Rg1+ 46. Kf3 Qf1 47. Rd2 Qg2+ 48. Ke3 h5 49. Qf3 Qh3 50. Rd1 Rxd1 51. Qxd1 Qe6 52. Qd4+ Kf8 53. e5 Qb3+ 54. Kf4 Qe6 55. Qd6+ Kg7 56. Qxe6 fxe6 57. Kg5 1-0

[Event "MVP-ch Seniors op 15th"]
[Site "Binz"]
[Date "2015.11.30"]
[Round "7.68"]
[White "Breitenfeldt, Ulrich"]
[Black "Wulf, Adalbert"]
[Result "1/2-1/2"]
[WhiteElo "1296"]
[BlackElo "1703"]
[PlyCount "58"]
[EventDate "2015.11.24"]
[EventType "swiss"]
[EventRounds "9"]
[EventCountry "GER"]
[SourceTitle "EXT 2017"]
[Source "ChessBase"]
[SourceDate "2016.10.25"]
[SourceVersion "1"]
[SourceVersionDate "2016.10.25"]
[SourceQuality "1"]

1. d4 Nf6 2. c4 c5 3. d5 d6 4. Nc3 g6 5. Nf3 Bg7 6. Bg5 Nbd7 7. Qc2 Qa5 8. Nd2 0-0 9. e4 h6 10. Bh4 g5 11. Bg3 Nh5 12. Nb3 Qd8 13. Be2 Nxg3 14. hxg3 Ne5 15. f4 Ng4 16. Bxg4 Bxg4 17. fxg5 h5 18. Ne2 e5 19. Qd2 f5 20. 0-0-0 a5 21. exf5 Rxf5 22. Rdf1 Qxg5 23. Qxg5 Rxg5 24. Nc3 Rg6 25. Nd2 Bh6 26. Kc2 Bxd2 27. Kxd2 Kg7 28. Ne4 a4 29. Rf2 Rf8 1/2-1/2

[Event "MVP-ch Seniors op 13th"]
[Site "Binz"]
[Date "2013.12.04"]
[Round "8"]
[White "Breitenfeldt, Ulrich"]
[Black "Staudinger, Karl"]
[Result "1-0"]
[WhiteElo "1200"]
[BlackElo "1117"]
[PlyCount "77"]
[EventDate "2013.11.27"]
[EventType "swiss"]
[EventRounds "9"]
[EventCountry "GER"]
[SourceTitle "EXT 2015"]
[Source "ChessBase"]
[SourceDate "2014.11.20"]
[SourceVersion "1"]
[SourceVersionDate "2014.11.20"]
[SourceQuality "1"]

1. d4 Nf6 2. c4 g6 3. Nc3 c6 4. Nf3 Bg7 5. Bf4 d6 6. e3 0-0 7. h3 a6 8. Bd3 Nh5 9. Bh2 Nd7 10. 0-0 Ra7 11. Qc2 c5 12. Rab1 b6 13. Ne2 Nhf6 14. d5 Qc7 15. Rfe1 Ne5 16. Nxe5 dxe5 17. Red1 Qd6 18. Nc3 Bxh3 19. gxh3 Rc7 20. Kg2 Ra7 21. Ne4 Nxe4 22. Bxe4 f5 23. Bf3 Raa8 24. Rg1 Rf7 25. Kf1 Raf8 26. Rd1 Bh6 27. Re1 a5 28. Rg2 Rg7 29. Qc3 f4 30. exf4 exf4 31. Re6 Qd8 32. Rg4 Rf6 33. Qe1 g5 34. Qe5 Kf7 35. h4 Rgg6 36. hxg5 Rxe6 37. dxe6+ Ke8 38. Bc6+ Kf8 39. Qh8+ 1-0

[Event "MVP-ch Seniors op 13th"]
[Site "Binz"]
[Date "2013.12.01"]
[Round "5"]
[White "Garms, Ilse"]
[Black "Breitenfeldt, Ulrich"]
[Result "1-0"]
[WhiteElo "1617"]
[BlackElo "1200"]
[PlyCount "96"]
[EventDate "2013.11.27"]
[EventType "swiss"]
[EventRounds "9"]
[EventCountry "GER"]
[SourceTitle "EXT 2015"]
[Source "ChessBase"]
[SourceDate "2014.11.20"]
[SourceVersion "1"]
[SourceVersionDate "2014.11.20"]
[SourceQuality "1"]

1. d4 Nf6 2. e3 g6 3. c4 Bg7 4. Nc3 0-0 5. Be2 d6 6. h3 Nbd7 7. Nf3 Nb6 8. Qc2 d5 9. cxd5 Nfxd5 10. Bd2 e6 11. 0-0 Qe7 12. Rac1 Bd7 13. a3 a6 14. Nxd5 Nxd5 15. e4 Nf6 16. Bb4 Qd8 17. Bxf8 Bxf8 18. Qxc7 Bc6 19. Qxd8 Rxd8 20. e5 Nh5 21. Rxc6 bxc6 22. Bxa6 Rb8 23. Rc1 Rxb2 24. a4 Ra2 25. Bb7 Rxa4 26. Bxc6 Ra2 27. g3 Ra3 28. Kg2 Ng7 29. d5 exd5 30. Bxd5 Ra7 31. Ng5 h6 32. Ne4 Nf5 33. Rc2 Kg7 34. Rc8 Ne7 35. Ra8 Rd7 36. Bb3 Rd3 37. Ba2 Rd7 38. Nf6 Rd2 39. Bc4 Nf5 40. Bb5 Ne3+ 41. Kf3 Nd5 42. Rd8 Nxf6 43. exf6+ Kxf6 44. Rxd2 Bb4 45. Rd7 Ke6 46. Ke2 f6 47. Rb7 Bc3 48. g4 Bb2 1-0